00281nam a22001097a 4500020001800000082001600018100002000034245003200054260005200086300000800138650002500146 a9788125034810 a294.543 SRI aSrinivas Smriti aIn the Presence of Sai Baba aHyderabadborient Longman Private limitedc2008 a403 aSprituality-Hinduism